International Trade and Export Management (Record no. 10785)

MARC details
000 -LEADER
fixed length control field 00366nam a2200145Ia 4500
008 - FIXED-LENGTH DATA ELEMENTS--GENERAL INFORMATION
fixed length control field 191201s2011 xx 000 0 und d
082 ## - DEWEY DECIMAL CLASSIFICATION NUMBER
Classification number 658.8
Item number CHI
100 ## - MAIN ENTRY--PERSONAL NAME
Personal name CHERUNILAM, Francis
245 #0 - TITLE STATEMENT
Title International Trade and Export Management
250 ## - EDITION STATEMENT
Edition statement 21th
260 ## - PUBLICATION, DISTRIBUTION, ETC. (IMPRINT)
Place of publication, distribution, etc New Delhi
Name of publisher, distributor, etc Himalaya Pub.
Date of publication, distribution, etc 2021
300 ## - PHYSICAL DESCRIPTION
Extent 512
650 ## - SUBJECT ADDED ENTRY--TOPICAL TERM
Topical term or geographic name as entry element B Com
942 ## - ADDED ENTRY ELEMENTS (KOHA)
Source of classification or shelving scheme Dewey Decimal Classification
Koha item type Text Books
942 ## - ADDED ENTRY ELEMENTS (KOHA)
-- 7
Holdings
Withdrawn status Lost status Source of classification or shelving scheme Damaged status Not for loan Collection code Home library Current library Date acquired Source of acquisition Currency Cost, normal purchase price Bill Number Total Checkouts Full call number Acc. no. / Barcode Date last seen Actual Cost, discounted price Bill Date Koha item type Date last borrowed
    Dewey Decimal Classification     B.Com PIET NCR College Library PIET NCR College Library 15/07/2021 Kirti Prakashan IN Rupees 575.00 IN2261   658.8 CHI N1378 04/08/2021 431.25 15/07/2021 Reference Books  
    Dewey Decimal Classification     B.Com PIET NCR College Library PIET NCR College Library 15/07/2021 Kirti Prakashan IN Rupees 575.00 IN2261 2 658.8 CHI N1379 11/11/2021 431.25 15/07/2021 Text Books 28/10/2021
    Dewey Decimal Classification     B.Com PIET NCR College Library PIET NCR College Library 15/07/2021 Kirti Prakashan IN Rupees 575.00 IN2261 3 658.8 CHI N1380 08/01/2022 431.25 15/07/2021 Text Books 03/01/2022
    Dewey Decimal Classification     B.Com PIET NCR College Library PIET NCR College Library 15/07/2021 Kirti Prakashan IN Rupees 575.00 IN2261 1 658.8 CHI N1381 28/10/2021 431.25 15/07/2021 Text Books 18/10/2021
    Dewey Decimal Classification     B.Com PIET NCR College Library PIET NCR College Library 15/07/2021 Kirti Prakashan IN Rupees 575.00 IN2261 1 658.8 CHI N1382 29/11/2021 431.25 15/07/2021 Text Books 11/11/2021

Design & Developed by: PIET Central Library
R70 Miles Stone Pattikalyana Samalkha Panipat 132102
mail ID :- [email protected], Phone No:- 0180-2569700 Ex.216